000
00267nam a2200109Ia 4500
008
230907s9999||||xx |||||||||||||| ||und||
082
_a
333.7,NAT
245
0
_a
Nature economy and society:
260
_a
Springer
_b
New York
_c
2016
300
_a
xii,357p.:
942
_c
BK
999
_c
597556
_d
597556